1995 1575 1266 1913 1014 1675 1047 1220 1806 1585 1488 1087 1334 1060 1788 1565 1720 1732 1865 1741 1535 1284 1172 1465 1364 1389 1047 1037 1591 1098 1339 1159 1804 1045 1535 1547 1200 1652 1334 1352 1165 1550 1217 1595 1685 1186 1356 1083 1236 1829 1914 1841 1206 1488 1609 1239 1581 1989 1376 1607 1276 1084 1137 1793 1296 1145 1997 1324 1479 1744 1653 1864 1772 1032 1434 1208 1431 1342 1460 1943 1757 1966 1073 1956 1102 1641 1683 1989 1355 1602 1660 1500 1103 1659 1978 1319 1690 1487 1575 BCNSPRNW ULIB Ver.6.0+V

เปลี่ยนเป็นภาษาไทย

Change to English
 แสดงรายละเอียดบรรณานุกรม
  กลับหน้าหลัก

Brief Record : Get Marc (ISO 2709) : E-mail record : QR code < ปิดหน้าต่าง
LEADER : 00000nam 2200000uu 4500
001    13399112255
003     ULIB
008    110802s2554||||th 000 0 tha d
020    9789190603725
024    9789190603725
090    นว.^bฌ111ว 2554
100 0  ฌามิวอาห์
245 00 วิวาห์ปรารถนา/^cฌามิวอาห์
260    กรุงเทพฯ:^bแจ่มใส,^c2554.
400    ความรู้สึกดี...ที่เรียกว่ารัก
945    ^p239^l0^i18471
995    เกษร
999 ^a ใช้งานได้ทุกระบบ
รายการนี้ยังไม่มีแท็ก
คุณยังไม่ได้ล็อกอิน คุณสามารถมีกิจกรรมร่วมกับเว็บไซต์ได้ แต่ต้องล็อกอินก่อน ::
  ล็อกอิน

รายการสื่อสารสนเทศ

ลำดับที่ ประเภท เลขเรียก/บาร์โค้ด สถานที่ สถานะ
1. นวนิยาย
นวนิยาย
นว. ฌ111ว 2554  
  Barcode: 18471
ห้องสมุดวิทยาเขตสวรรค์ประชารักษ์
►นวนิยาย
บนชั้น
  ขอยืม

รายการใกล้เคียง
    ผู้แต่ง [ฌามิวอาห์]

BibComment


ยังไม่เคยถูกคอมเมนท์

คอมเมนท์ทรัพยากรรายการนี้
  คอมเมนท์: วิวาห์ปรารถนา ฌาม..


 Copyright 2026. Bcnsprnw @Library